Minerología aplicada: salud y medio ambiente
Gardado en:
| Main Authors: | , |
|---|---|
| Formato: | Libro |
| Idioma: | Lingua castelá |
| Publicado: |
Madrid
Thomson
2007
|
| Subjects: | |
| Tags: |
Engadir etiqueta
Sen Etiquetas, Sexa o primeiro en etiquetar este rexistro!
|
MARC
| LEADER | 00000nam a2200000 a 4500 | ||
|---|---|---|---|
| 001 | UCG5852 | ||
| 003 | CL-VaPUC | ||
| 008 | 110324e20070000SP |||||||||||||||||spa|d | ||
| 020 | |a 9788497324878 | ||
| 082 | 0 | 4 | |a 549 |b CAR |2 21 |
| 100 | 0 | |a Carretero León, María Isabel |e author |9 555732 | |
| 700 | 0 | |a Pozo Rodríguez, Manuel |e author |9 555733 | |
| 245 | 1 | 0 | |a Minerología aplicada: salud y medio ambiente |
| 300 | |a 406 p | ||
| 942 | |c BK | ||
| 945 | |d 20110324 00:00:00 |a dcastane | ||
| 260 | |a Madrid |b Thomson |c 2007 | ||
| 650 | 7 | |a MINEROLOGIA |2 CL-VaPUC |9 529342 | |
| 650 | 7 | |a CRISTALOGRAFIA |2 CL-VaPUC |9 345856 | |
| 650 | 0 | |a Propiedades físicas |9 342981 | |
| 650 | 7 | |a PROPIEDADES OPTICAS |2 CL-VaPUC |9 555734 | |
| 650 | 7 | |a COMPOSICION QUIMICA |2 CL-VaPUC |9 403020 | |
| 583 | |a last modification |c 20110324 00:00:00 |k Rodrigo Vera | ||
| 999 | |c 344212 |d 344210 | ||
| 952 | |0 0 |1 0 |4 0 |6 549_000000000000000_CAR_2007 |7 0 |8 CCM |9 442057 |a BIBCUR |b BIBCUR |d 2019-11-22 |i 4759516 |l 1 |o 549 CAR 2007 |p 4759516 |r 2025-04-22 |s 2024-09-10 |w 2019-11-22 |y BK_R |k CIM | ||